লোডিং...

Advanced mathematics for engineers

গ্রন্থ-পঞ্জীর বিবরন
প্রধান লেখক: Reddick, H W
অন্যান্য লেখক: Miller, F H
বিন্যাস: Printed Book
প্রকাশিত: Asia Publishing House, Bombay 1962
সংস্করন:23
বিষয়গুলি:
LEADER 00493nam a2200169 4500
082 |a 510 RED-A3 
100 |a Reddick, H W 
245 |a Advanced mathematics for engineers  |c H W Reddick and F H Miller 
250 |a 23 
260 |a Asia Publishing House, Bombay  |c 1962 
300
490
650 |a Mathematics 
700 |a Miller, F H 
942 |c BK 
999 |c 199580  |d 199580 
952 |0 0  |1 0  |4 0  |6 510_000000000000000_REDA3  |7 0  |9 212929  |a MAT  |b MAT  |l 0  |o 510 RED-A3  |p MAT126  |r 2019-11-01  |w 2019-11-01  |y BK